=LDR 00000nam 2200000 4500 =001 INLIS000000000051669 =005 20171004125857 =035 ##$$a 0010-1017000108 =007 ta =008 171004###########################0###### =020 ##$$a 978-602-0862-73-6 =082 ##$$a 633.8 =084 ##$$a 633.8 AKI b =100 #$$a Akifa Naila =245 1#$$a Budidaya Daun Ajaib Rosela /$c Akifa Naila =260 ##$$a Yogyakarta :$b Istama Media,$c 2017 =300 ##$$a vii, 120 hlm : $b ilus. ; $c 21 cm =650 ##$$a Tanaman Obat =504 ##$$a Bibliografi : Hlm. 119-120 =990 ##$$a 1248612486 =990 ##$$a 1248612486 =990 ##$$a 1248612486 =990 ##$$a 1248612486 =990 ##$$a 1248612486 =990 ##$$a 21702241 =990 ##$$a 01201712486 =990 ##$$a 01201712487 =990 ##$$a 01201712488 =990 ##$$a 01201712489 =990 ##$$a 21702242 =990 ##$$a 01201712486 =990 ##$$a 01201712487 =990 ##$$a 01201712488 =990 ##$$a 21702241 =990 ##$$a 21702243 =990 ##$$a 01201712486 =990 ##$$a 01201712487 =990 ##$$a 21702242 =990 ##$$a 21702241 =990 ##$$a 21702244 =990 ##$$a 01201712486 =990 ##$$a 21702243 =990 ##$$a 21702242 =990 ##$$a 21702241 =990 ##$$a 21702245 =990 ##$$a 21702244 =990 ##$$a 21702243 =990 ##$$a 21702242 =990 ##$$a 21702241